[Event "Wch Silent (Women)"]
[Site "Malente"]
[Date "2004.08.03"]
[Round "10"]
[White "Kazhugukova, Alija"]
[Black "Artjomova, Marina"]
[Result "1-0"]
[WhiteElo "1805"]
[BlackElo "1805"]
[PlyCount "65"]
[EventDate "2004.07.25"]
[EventType "tourn"]
[EventRounds "11"]
[EventCountry "GER"]
[SourceTitle "EXT 2006"]
[Source "ChessBase"]
[SourceDate "2005.11.24"]
[SourceVersion "1"]
[SourceVersionDate "2005.11.24"]
[SourceQuality "1"]

1. e4 c5 2. Nc3 Nc6 3. Bc4 e6 4. Nge2 Nf6 5. d3 Be7 6. Bg5 0-0 7. Qd2 d5 8. Bxf6 dxc4 9. Bxe7 Nxe7 10. dxc4 Qxd2+ 11. Kxd2 Rd8+ 12. Ke3 b6 13. Rad1 Bb7 14. f3 Bc6 15. Rd3 Rxd3+ 16. cxd3 a6 17. a4 Rd8 18. Rb1 f5 19. Nf4 e5 20. Nfd5 Nxd5+ 21. exd5 Be8 22. b4 cxb4 23. Rxb4 Rd6 24. f4 exf4+ 25. Kxf4 Bd7 26. Ke5 Rf6 27. g3 h5 28. d4 Kf7 29. c5 bxc5 30. dxc5 g6 31. Rb7 Ke7 32. Rxd7+ Kxd7 33. Kxf6 1-0

[Event "Wch Silent (Women)"]
[Site "Malente"]
[Date "2004.07.27"]
[Round "4"]
[White "Nazarova, Olga"]
[Black "Artjomova, Marina"]
[Result "1-0"]
[WhiteElo "2050"]
[BlackElo "1805"]
[PlyCount "48"]
[EventDate "2004.07.25"]
[EventType "tourn"]
[EventRounds "11"]
[EventCountry "GER"]
[SourceTitle "EXT 2006"]
[Source "ChessBase"]
[SourceDate "2005.11.24"]
[SourceVersion "1"]
[SourceVersionDate "2005.11.24"]
[SourceQuality "1"]

1. d4 g6 2. c4 Nf6 3. Nc3 Bg7 4. Nf3 0-0 5. e4 d6 6. Be2 Nbd7 7. 0-0 c6 8. Bg5 Qc7 9. Qd2 Re8 10. Bh6 Bh8 11. Nh4 e5 12. dxe5 Nxe5 13. h3 Be6 14. b3 Red8 15. f4 Ned7 16. f5 Bxf5 17. exf5 d5 18. cxd5 cxd5 19. Nxd5 Nxd5 20. Qxd5 Qb6+ 21. Kh1 Nf6 22. Qf3 Qd4 23. Bg5 Bg7 24. fxg6 hxg6 1-0

[Event "Wch Silent (Women)"]
[Site "Malente"]
[Date "2004.07.25"]
[Round "2"]
[White "Ryvova, Anna"]
[Black "Artjomova, Marina"]
[Result "1-0"]
[WhiteElo "2050"]
[BlackElo "1805"]
[PlyCount "65"]
[EventDate "2004.07.25"]
[EventType "tourn"]
[EventRounds "11"]
[EventCountry "GER"]
[SourceTitle "EXT 2006"]
[Source "ChessBase"]
[SourceDate "2005.11.24"]
[SourceVersion "1"]
[SourceVersionDate "2005.11.24"]
[SourceQuality "1"]

1. e4 c5 2. Nc3 Nc6 3. f4 e6 4. Nf3 Nge7 5. d3 Ng6 6. g3 Be7 7. Bg2 0-0 8. 0-0 d6 9. Be3 Rb8 10. Ne2 b6 11. c3 Bb7 12. d4 Qd7 13. dxc5 bxc5 14. Bxc5 Qc7 15. Bf2 Ba6 16. b3 Bxe2 17. Qxe2 Bf6 18. Rac1 Bd8 19. Rfd1 Qe7 20. Qd3 Bc7 21. Nd4 Nd8 22. Nb5 Bb6 23. Bxb6 axb6 24. Qxd6 Qxd6 25. Rxd6 Ne7 26. Rcd1 f5 27. e5 Nf7 28. Rd7 Rfd8 29. Rxd8+ Rxd8 30. Rxd8+ Nxd8 31. Nd4 Nd5 32. Nxe6 Nxc3 33. Nxd8 1-0